Super Smash Bros. Ultimate Mii Fighter Costumes - Statistics

General Stats
  • This quiz has been taken 89 times
    69 since last reset
  • The average score is 81 of 226
Answer Stats
Series % Correct
Super Mario Mario’s Cap
81%
Undertale Sans Costume
79%
Undertale Sans Mask
79%
Cuphead Cuphead Costume
76%
Cuphead Cuphead Mask
76%
Super Mario Luigi’s Cap
76%
Bomberman Bomberman Mask
74%
Bomberman Bomberman Outfit
74%
Shantae Shantae Outfit
74%
Shantae Shantae Wig
74%
Sonic the Hedgehog Knuckles Hat
71%
Sonic the Hedgehog Knuckles Outfit
71%
Super Mario Peach’s Crown
71%
Sonic the Hedgehog Tails Hat
71%
Sonic the Hedgehog Tails Outfit
71%
Chibi-Robo Chibi-Robo Hat
69%
Chibi-Robo Chibi-Robo Suit
69%
DOOM Doom Slayer Helmet
69%
DOOM Doom Slayer Outfit
69%
Super Mario Daisy’s Crown
67%
Splatoon Inkling Outfit
67%
Splatoon Inkling Squid Hat
67%
Splatoon Inkling Wig
67%
The Legend of Zelda Link Cap
67%
The Legend of Zelda Link Outfit
67%
Wario Wario’s Cap
67%
Devil May Cry Dante Outfit
64%
Devil May Cry Dante Wig
64%
Rabbids Rabbid Hood
64%
Super Mario Waluigi’s Cap
64%
Minecraft Pig Mask
62%
Minecraft Pig Outfit
62%
Fallout Vault 111 Jumpsuit
62%
Fallout Vault Boy Mask
62%
Minecraft Creeper Mask
60%
Minecraft Creeper Outfit
60%
Metroid Samus’s Armour
60%
Metroid Samus’s Helmet
60%
Mega Man Zero’s Armour
60%
Mega Man Zero’s Helmet
60%
Star Fox Fox Hat
57%
Star Fox Fox Outfit
57%
Animal Crossing Isabelle Hat
57%
Animal Crossing Isabelle Outfit
57%
Kirby’s Dreamland Meta Knight Mask
57%
ARMS Spring Man Mask
57%
ARMS Spring Man Outfit
57%
WarioWare Ashley Outfit
55%
WarioWare Ashley Wig
55%
F-Zero Captain Falcon Helmet
55%
F-Zero Captain Falcon Outfit
55%
None Dragon Armour
55%
None Dragon Helmet
55%
Goemon Goemon Outfit
55%
Goemon Goemon Wig
55%
The Legend of Zelda Princess Zelda Wig
55%
Fire Emblem Chrom Outfit
52%
Fire Emblem Chrom Wig
52%
Persona Morgana Hat
52%
Splatoon Octoling Wig
52%
Donkey Kong Country King K. Rool Hat
50%
Donkey Kong Country King K. Rool Outfit
50%
Xenoblade Chronicles Rex Outfit
50%
Xenoblade Chronicles Rex Wig
50%
ARMS Ribbon Girl Mask
50%
ARMS Ribbon Girl Outfit
50%
Final Fantasy Tifa Outfit
50%
Final Fantasy Aerith Outfit
48%
Golden Sun Isaac’s Outfit
48%
Golden Sun Isaac Wig
48%
Dragon Quest Slime Hat
48%
Super Mario Toad Hat
48%
Super Mario Toad Outfit
48%
Minecraft Diamond Armour
45%
Minecraft Diamond Helmet
45%
The Elder Scrolls Dragonborn Helm
45%
The Elder Scrolls Dragonborn Outfit
45%
Mega Man Mega Man X Helmet
45%
Mega Man Mega Man X Outfit
45%
Virtua Fighter Akira Outfit
43%
Virtua Fighter Akira Wig
43%
Ghosts ‘n Goblins Arthur’s Armor
43%
Ghosts ‘n Goblins Arthur’s Helm
43%
Tekken Heihachi Outfit
43%
Tekken Heihachi Wig
43%
Monster Hunter Rathalos Helm
43%
Monster Hunter Rathalos Mail
43%
Pokémon Team Rocket Hat
43%
Pokémon Team Rocket Outfit
43%
No More Heroes Travis Outfit
43%
No More Heroes Travis Wig
43%
Final Fantasy Barret Outfit
40%
Donkey Kong Country Dixie Kong’s Hat
40%
None Ninja Headband
40%
None Ninja Suit
40%
Assassin's Creed Altair Hood
38%
Assassin's Creed Altair Outfit
38%
Final Fantasy Chocobo Hat
38%
Animal Crossing K.K. Slider Hat
38%
Animal Crossing K.K. Slider Outfit
38%
Splatoon Marie Outfit
38%
Splatoon Marie Wig
38%
Persona Persona 3 Protagonist Outfit
38%
Persona Persona 3 Protagonist Wig
38%
Persona Persona 4 Protagonist Outfit
38%
Persona Persona 4 Protagonist Wig
38%
Kid Icarus Viridi Outfit
38%
Kid Icarus Viridi Wig
38%
Nintendo Badge Arcade Arcade Bunny Hat
36%
Fire Emblem Black Knight Armour
36%
Fire Emblem Black Knight Helm
36%
Super Mario Cappy Hat
36%
Tales Lloyd Outfit
36%
Tales Lloyd Wig
36%
ARMS Ninjara Outfit
36%
ARMS Ninjara Wig
36%
Mega Man Proto Man’s Armour
36%
Mega Man Proto Man’s Helmet
36%
The Legend of Zelda Sheik Mask
36%
The Legend of Zelda Skull Kid’s Hat
36%
The Legend of Zelda Skull Kid’s Outfit
36%
Super Mario Super Mushroom Hat
33%
None Cat Hat
31%
None Cat Suit
31%
Custom Robo Ray Mk III Helmet
31%
Custom Robo Ray Mk III Outfit
31%
Art Academy Vince’s Hat
31%
Art Academy Vince’s Outfit
31%
Monster Hunter Hunter’s Helm
29%
Monster Hunter Hunter’s Mail
29%
Panel de Pon Lip Outfit
29%
Panel de Pon Lip Wig
29%
The Legend of Zelda Majora’s Mask
29%
Find Mii Prince’s Crown
29%
Persona Teddie Hat
29%
Jam with the Band Barbara the Bat Wig
26%
Splatoon Callie Outfit
26%
Splatoon Callie Wig
26%
Mega Man Mega Man.exe Helmet
26%
Mega Man Mega Man.exe Outfit
26%
Find Mii Princess’s Crown
26%
Super Mario Shy Guy Mask
26%
The Mysterious Murasame Castle Takamaru Outfit
26%
The Mysterious Murasame Castle Takamaru Wig
26%
Yoshi Woolly Yoshi Hat
26%
Yoshi Woolly Yoshi Outfit
26%
Super Mario 1-Up Mushroom
24%
Super Mario Geno Hat
24%
Super Mario Geno Outfit
24%
The King of Fighters Iori Yagami Outfit
24%
The King of Fighters Iori Yagami Wig
24%
Sin and Punishment Saki Amamiya Outfit
24%
Sin and Punishment Saki Amamiya Wig
24%
Nintendo Labo Toy Con Outfit
24%
Nintendo Labo Toy Con Visor
24%
None Bear Hat
21%
None Bear Suit
21%
The Legend of Zelda Yiga Clan Mask
21%
The Legend of Zelda Yiga Clan Outfit
21%
Super Mario Builder Mario’s Hat
19%
Super Mario Builder Mario’s Outfit
19%
Earthbound Flying Man Hat
19%
Earthbound Flying Man Outfit
19%
Earthbound Mr. Saturn Hat
19%
Xenoblade Chronicles Nia Outfit
19%
Xenoblade Chronicles Nia Wig
19%
The Legend of Zelda Champion’s Outfit
17%
The Legend of Zelda Champion’s Wig
17%
Xenoblade Chronicles Dunban Outfit
17%
Xenoblade Chronicles Dunban Wig
17%
Dragon Quest Martial Artist Gi
17%
Dragon Quest Martial Artist Wig
17%
Kirby’s Dreamland Marx Hat
17%
None Monkey Hat
17%
None Monkey Suit
17%
None Business Suit
14%
None Fighter Uniform
14%
Virtua Figher Jacky Outfit
14%
Virtua Fighter Jacky Wig
14%
Art of Fighting Ryo Sakazaki Outfit
14%
Art of Fighting Ryo Sakazaki Wig
14%
The Legend of Zelda Ancient Helm
12%
The Legend of Zelda Ancient Soldier Gear
12%
None Butler Outfit
12%
Super Mario Chomp Hat
12%
Dragon Quest Erdrick’s Armour
12%
Dragon Quest Erdrick’s Helmet
12%
Monster Hunter Felyne Hat
12%
Splatoon Judd Hat
12%
None Maid Outfit
12%
Samurai Shodown Nakoruru Outfit
12%
Samurai Shodown Nakoruru Wig
12%
None Pirate Hat
12%
None Pirate Outfit
12%
Dragon Quest Veronica’s Hat
12%
Dragon Quest Veronica’s Outfit
12%
Streetpass Mii Plaza Devil Horns
10%
Super Mario Spiny Hat
10%
Super Smash Bros. SSB T-Shirt
10%
Streetpass Mii Plaza Top Hat
10%
The Tower of Druaga Gil Armour
7%
The Tower of Druaga Gil Helmet
7%
Splatoon Splatoon 2 Hat
7%
Splatoon Splatoon 2 Outfit
7%
None Vampire Garb
7%
None Astronaut Helmet
5%
None Astronaut Outfit
5%
None Bionic Helmet
5%
None Bionic Suit
5%
None Cybernetic Suit
5%
Streetpass Mii Plaza Hockey Mask
5%
Streetpass Mii Plaza Lacy Headband
5%
Find Mii Regal Crown
5%
None Special Forces Helmet
5%
None Special Forces Outfit
5%
None Standard Outfit
5%
None Steampunk Getup
5%
None Tracksuit
5%
None Wild West Hat
5%
None Wild West Wear
5%
None Biker Gear
2%
Streetpass Mii Plaza Floral Hat
2%
Streetpass Mii Plaza Magic Hat
2%
None Mecha Suit
2%
None Protective Gear
2%
None High-Tech Armour
0%
No matching quizzes found
Score Distribution
Percent of People with Each Score
Percentile by Number Answered
Your Score History
You have not taken this quiz since the last reset